Economic concepts : A programmed approach
Guardat en:
| Autor principal: | |
|---|---|
| Format: | Llibre |
| Idioma: | Undetermined |
| Publicat: |
New York
McGraw-Hill Book Company
1987
|
| Matèries: | |
| Etiquetes: |
Afegir etiqueta
Sense etiquetes, Sigues el primer a etiquetar aquest registre!
|
| Thư viện lưu trữ: | Trung tâm Học liệu Trường Đại học Cần Thơ |
|---|
| LEADER | 00540nam a2200193Ia 4500 | ||
|---|---|---|---|
| 001 | CTU_79624 | ||
| 008 | 210402s9999 xx 000 0 und d | ||
| 082 | |a 330 | ||
| 082 | |b B613 | ||
| 100 | |a Bingham, Robert C. | ||
| 245 | 0 | |a Economic concepts : | |
| 245 | 2 | |b A programmed approach | |
| 245 | 0 | |c Robert C. Bingham, William Henry Pope | |
| 260 | |a New York | ||
| 260 | |b McGraw-Hill Book Company | ||
| 260 | |c 1987 | ||
| 650 | |a economics | ||
| 650 | |x programmed instruction | ||
| 980 | |a Trung tâm Học liệu Trường Đại học Cần Thơ | ||